[Event "NRW-ch U14"]
[Site "Winterberg"]
[Date "2002.04.05"]
[Round "6"]
[White "Rathke, Jens"]
[Black "Gutwoski, Andre"]
[Result "0-1"]
[WhiteElo "1512"]
[BlackElo "1659"]
[PlyCount "72"]
[EventDate "2002.04.01"]
[EventType "swiss"]
[EventRounds "7"]
[EventCountry "GER"]
[SourceTitle "EXT 2003"]
[Source "ChessBase"]
[SourceDate "2002.11.25"]
[SourceVersion "1"]
[SourceVersionDate "2002.11.25"]
[SourceQuality "1"]

1. d4 Nf6 2. c4 g6 3. Nc3 Bg7 4. e4 d6 5. Nf3 0-0 6. Be3 e5 7. d5 a5 8. Be2 Na6 9. 0-0 Nh5 10. Qd2 Nc5 11. Ne1 f5 12. Bxc5 dxc5 13. Bxh5 gxh5 14. Nd3 Qe7 15. exf5 Bxf5 16. Rae1 e4 17. f3 e3 18. Qe2 Bd4 19. Kh1 Qg7 20. f4 Rae8 21. h3 Qg6 22. Rd1 c6 23. Ne1 Kh8 24. Nf3 Bc2 25. Nh4 Qf6 26. Qxc2 Qxh4 27. Ne2 Qf6 28. b3 h4 29. Qd3 cxd5 30. cxd5 Rd8 31. Qb5 b6 32. Qc6 Rd6 33. Qb7 Rfd8 34. f5 Rxd5 35. Nf4 Rxf5 36. Qe4 Rf8 0-1